Online Catalogue and eLibrary

Early civilisation : (Record no. 3485)

MARC details
000 -LEADER
fixed length control field 00455nam a2200169Ia 4500
005 - DATE AND TIME OF LATEST TRANSACTION
control field 20250106021813.0
008 - FIXED-LENGTH DATA ELEMENTS--GENERAL INFORMATION
fixed length control field 240331s9999 xx 000 0 und d
020 ## - INTERNATIONAL STANDARD BOOK NUMBER
ISBN 977424365x
082 ## - DDC Classification
Item Number - Author Mark TRI
Class No. 962
100 ## - MAIN ENTRY--PERSONAL NAME
Personal name Trigger, B.G
245 #0 - TITLE STATEMENT
Title Early civilisation :
Remainder of title ancient Egypt in context
260 ## - PUBLICATION, DISTRIBUTION, ETC.
Place of publication, distribution, etc. New york
Name of publisher, distributor, etc. The American University inn Cairo Press
Date of publication, distribution, etc. 1993
300 ## - PHYSICAL DESCRIPTION
Extent (e.g. Volumes, Pages etc.) viii, 158 p.,
650 ## - SUBJECT ADDED ENTRY--TOPICAL TERM
Topical term or geographic name entry element Ancient Society
650 ## - SUBJECT ADDED ENTRY--TOPICAL TERM
Topical term or geographic name entry element History
942 ## - Koha item type (Biblio)
Koha item type Books in Stacks (Lending)
Holdings
Lost status Damaged status Collection code Home library Current library Shelving location Date acquired Full call number Accession Number Item type
    Lending WERC Library WERC Library Social Science Cupboard 03/31/2024 962 TRI 4724 Books in Stacks (Lending)

© WERC Library